000 01678nam a2200241 a 4500
001 BRCA_8737
005 20190320210402.0
008 220217s1699----sp-#######---#000-0#spa-#
041 _aspa
044 _asp
084 _aBE95
_b.A58 1699
100 1 _aAnunciación, Juan de la
_d1633 - 1701
_eFray
_921750
245 1 0 _aSegunda parte del promptuario del Carmen
_bque para los religiosos Carmelitas Descalzos
_cescribe el R. Padre Fray Juan de la Anunciación, su general y se la dedica.
260 _aMadrid
_bEn la Imprenta de los Herederos de Antonio Román
_c1699
300 _a[14], [16], 231-638 p.
_c21 x 15 cm
500 _aCon privilegios
500 _aCon marca de fuego: “Procedencia de la marca: Convento de Santa Teresa Jesús de Querétaro (1). Institución: Orden de Carmelitas Descalzos. Provincia de San Alberto de México. Descripción: Variación sobre las armas de la Orden del Monte Carmelo. Un mantel sumado de una cruz patada y cargado de una letra capital Q. Al timbre, corona real abierta. Observaciones: Esta marca conserva tres elementos del escudo carmelita: la cruz, el mantel / monte y la corona de tres florones, simplificación de la de 12 estrellas (sentido místico del Apocalipsis) (2) ---------- En 2006 Fermín Campos sugirió que la inicial Q es la sigla de la palabra ´Querétaro´. Ubicación de la marca en el libro: Portada”
500 _aEstado físico: presenta encuadernación en pergamino y con cintas
650 1 4 _aCarmelitas
_xHistoria
_921751
856 _ahttp://www.marcasdefuego.buap.mx:8180/xmLibris/projects/firebrand/item.jsp?repository=marcas_de_fuego&key=1cac16ac.xml&num=19
902 _aCFM
942 _2lcc
_cB
999 _c8389
_d8389